Género y empleo /
Este libro recoge las ponencias y cuatro comentarios que se debatieron en los foros del seminario: "Género y Cohesión Social: trabajo y empleo", en el cual se ha buscado aplicar este enfoque a uno de los tres ámbitos, el del mercado de trabajo, y a una problemática específica, la del emple...
Salvato in:
| Autore principale: | |
|---|---|
| Natura: | Sconosciuto |
| Lingua: | Spanish |
| Pubblicazione: |
España :
Fundación Carolina-CeALCI
|
| Serie: | Documento de Trabajo
n° 32 |
| Soggetti: | |
| Tags: |
Aggiungi Tag
Nessun Tag, puoi essere il primo ad aggiungerne!!
|
MARC
| LEADER | 00000 a2200000 04500 | ||
|---|---|---|---|
| 001 | 43769 | ||
| 003 | cru CIDCACS/IIS | ||
| 005 | 20200925160335.0 | ||
| 008 | 050701s2009 sp spa d | ||
| 020 | |a 1885866X | ||
| 040 | |a CRAI/IIS |c CRAI/IIS | ||
| 090 | |a 05.03.03 A853g | ||
| 100 | |a Astelarra, Judith |e coordinadora | ||
| 245 | |a Género y empleo / |c Judith Astelarra, coordinadora | ||
| 260 | |a España : |b Fundación Carolina-CeALCI | ||
| 300 | |a 172 páginas | ||
| 440 | |a Documento de Trabajo |v n° 32 | ||
| 520 | |a Este libro recoge las ponencias y cuatro comentarios que se debatieron en los foros del seminario: "Género y Cohesión Social: trabajo y empleo", en el cual se ha buscado aplicar este enfoque a uno de los tres ámbitos, el del mercado de trabajo, y a una problemática específica, la del empleo remunerado en el mercado y el trabajo de cuidados que se hace en la familia. | ||
| 590 | |a RRA/OCTUBRE2012 | ||
| 650 | |a EMPLEO | ||
| 650 | |a COHESION SOCIAL | ||
| 650 | |a GENERO |a POBREZA | ||
| 650 | |a EXCLUSION SOCIAL | ||
| 650 | |a AMERICA LATINA | ||
| 942 | |2 ddc |c LI | ||
| 999 | |c 6726 |d 6726 | ||
